000 00475nam a22001937a 4500
003 MPLRDC
005 20220104203120.0
008 210129b ||||| |||| 00| 0 eng d
020 _a978-1-928124-84-9
082 _a574.1 WYW
100 _a王有为
245 _a十九大有人闹场
_c
250 _a初版
260 _a香港
_b浩鑫出版社
_c2017
300 _b
520 _a新书上架 2018-07-16。
650 _a中共政治
942 _cBK
_o574.1 WYW
999 _c67963
_d67953